00374nam a2200145Ia 4500008004100000020001500041041001200056082001600068100002000084245004800104260003500152300000800187650001400195700001900209221030s9999 xx 000 0 und d a8178087391 aEnglish a105.23bTan aA. S. Tanenbaum 0aOperating Systems : Design & Implementation bPearson EducationaDelhic2002 a939 aComputers aA. S. Woodhull